000 00523nam a2200157 i 4500
001 46322
003 ES-MaACL
007 t|
008 030328s1836 sp ||||1| spa d
100 1 _aComte, Charles.
_940058
245 1 0 _aTratado de legislación o exposición de las leyes generales con arreglo a las cuales prosperan, decaen o se estancan los pueblos /
_cCharles Comte.
250 _a2ª ed.
260 _aBarcelona :
_b[s.n.,
_c1836] (
_fAntonio Bargez)
300 _a5 v. ;
_c18 cm.
852 _aES-MaACL
_jD-997-1001
999 _c46322
_d46322